Biochar Application To Increase Yield Of Pok Choi And To improve Soil Quality ការប្រើរប្រាស់ជីវធ្យូងដើម្បីបង្កើនទិន្នផលស្ពៃតឿនិងលើកម្ពស់គុណភាពដី (Record no. 19582)
[ view plain ]
| 000 -LEADER | |
|---|---|
| fixed length control field | 00705nam a22001577a 4500 |
| 003 - CONTROL NUMBER IDENTIFIER | |
| control field | LRUA |
| 005 - DATE AND TIME OF LATEST TRANSACTION | |
| control field | 20210215140455.0 |
| 008 - FIXED-LENGTH DATA ELEMENTS--GENERAL INFORMATION | |
| fixed length control field | 201227b xxu||||| |||| 00| 0 eng d |
| 040 ## - CATALOGING SOURCE | |
| Transcribing agency | RUA |
| 082 ## - DEWEY DECIMAL CLASSIFICATION NUMBER | |
| Classification number | AGR SOM 2016 B697 Or. |
| 100 ## - MAIN ENTRY--PERSONAL NAME | |
| 9 (RLIN) | 14521 |
| Personal name | SOM RITHYRATHMONY សោម រិទ្ធីរ័ត្នមុន្នី |
| 245 ## - TITLE STATEMENT | |
| Title | Biochar Application To Increase Yield Of Pok Choi And To improve Soil Quality ការប្រើរប្រាស់ជីវធ្យូងដើម្បីបង្កើនទិន្នផលស្ពៃតឿនិងលើកម្ពស់គុណភាពដី |
| 260 ## - PUBLICATION, DISTRIBUTION, ETC. (IMPRINT) | |
| Place of publication, distribution, etc. | Phnom Penh |
| Name of publisher, distributor, etc. | RUA |
| Date of publication, distribution, etc. | 2016 |
| 300 ## - PHYSICAL DESCRIPTION | |
| Extent | x,31p |
| Other physical details | ill; |
| Dimensions | 29cm |
| 942 ## - ADDED ENTRY ELEMENTS (KOHA) | |
| Source of classification or shelving scheme | |
| Koha item type | AGR |
| Price effective from | Date last seen | Permanent Location | Not for loan | Date acquired | Source of classification or shelving scheme | Koha item type | Lost status | Withdrawn status | Date last checked out | Total Checkouts | Shelving location | Damaged status | Barcode | Current Location | Full call number |
|---|---|---|---|---|---|---|---|---|---|---|---|---|---|---|---|
| 2020-12-27 | 2020-12-27 | Library Block B | 2020-12-27 | AGR | B697 | A064556 | Library Block B | AGR SOM 2016 B697 Or. | |||||||
| 2020-12-27 | 2023-11-21 | Library Block B | 2020-12-27 | AGR | 2023-11-08 | 1 | B697 | A064380 | Library Block B | AGR SOM 2016 B697 Or. | |||||
| 2020-12-27 | 2021-10-01 | Library Block B | 2020-12-27 | AGR | 2021-09-17 | 1 | B697 | A064320 | Library Block B | AGR SOM 2016 B697 Or. | |||||
| 2020-12-27 | 2020-12-27 | Library Block B | 2020-12-27 | AGR | B697 | A064676 | Library Block B | AGR SOM 2016 B697 Or. | |||||||
| 2020-12-27 | 2020-12-27 | Library Block B | 2020-12-27 | AGR | B697 | A064616 | Library Block B | AGR SOM 2016 B697 Or. |